000 00336nam a2200121Ia 4500
005 20251222144651.0
008 251222s9999||||xx |||||||||||||| ||spa||
082 _a278.91/S66
100 _aSolís, Pilar
245 0 _aLos Ángeles de Costanilla
264 _bAdoratrices Esclavas del Santísimo Sacramento y de la Caridad
942 _cLIB
999 _c17054
_d17054